000 00367nam a2200133Ia 4500
008 100328s9999 xx 000 0 und d
082 _b1637
100 _aSorokin Pitirim A.
245 _aThe Reconstruction Of Humanity
260 _bBharatiya Vidya Bhavan
630 _aThe Reconstruction Of Humanity
730 _aThe Reconstruction Of Humanity
942 _cBOOK
999 _c497901
_d497898